000
00288nam a22001097a 4500
082
_a
CP52
100
_a
Zulfiqar
_9
48024
245
_a
Engineering Geology
_b
CE-121 Course Pack
_c
Zulfiqar
260
_a
Risalpur,
_b
MCE,
_c
2016.
526
_a
0
_b
1
_c
0
_d
CP_000000000000000_52
942
_2
ddc
_c
BKB
999
_c
553681
_d
553681